Statistiken für Länder nach Co2 Ausstoß pro Kopf (mehr als 5 mio Einwohner)

Klicken Sie hier um das Quiz zu spielen!

Allgemein

  • Dieses Quiz wurde 107 mal gespielt
  • Das Durchschnittsergebnis liegt bei 11 aus 15

Antwortstatistiken

Tipp:Antwort% Korrekt
EuropaDeutschland
97%
AmerikaVereinigte Staaten
97%
OzeanienAustralien
93%
AsienJapan
92%
EuropaRussland
92%
AmerikaKanada
89%
AsienSüdkorea
84%
EuropaNiederlande
70%
EuropaBelgien
69%
AsienSaudi-arabien
64%
AsienSingapur
54%
AsienTaiwan
53%
EuropaTschechien
53%
AsienKasachstan
29%
EuropaFinnland
24%

Verteilung der Resultate

Perzentil nach korrekt beantworteten Fragen

Anzahl Personen mit jedem Resultat

Ihre Resultats-Entwicklung

Sie haben dieses Quiz noch nicht gespielt